| 000 | 00895cab a2200265 4500 | ||
|---|---|---|---|
| 001 | WB3043-53 | ||
| 008 | 090401t1994 xxu||||| |||| 00| 0 eng d | ||
| 035 | _a(Sirsi) u4307 | ||
| 041 | _aeng | ||
| 245 | _aPool broke planning law | ||
| 260 | _c1994 | ||
| 350 | _a0 | ||
| 490 |
_aTimes _v15 November 1994, 3(1) |
||
| 520 | _aDavid McAlpine, a director of the construction company, has lost a High Court challenge to stop his swimming pool and tennis courts being removed from the grounds of his Oxfordshire home on the grounds that they did not lie within the curtilage of his property. | ||
| 650 | _aCURTILAGE | ||
| 650 | _aDWELLING HOUSE | ||
| 650 | _aENFORCEMENT NOTICES | ||
| 650 | _aPERMITTED DEVELOPMENT | ||
| 650 | _aPLANNING PERMISSION | ||
| 650 | _aSWIMMING POOL | ||
| 650 | _aTENNIS COURTS | ||
| 690 | _aPLANNING LAW AND PRACTICE | ||
| 942 | _n0 | ||
| 948 | _c04/03/1997 | ||
| 999 |
_c2584 _d2584 |
||